000
00262nam a22001097a 4500
008
160428b xxu||||| |||| 00| 0 eng d
020
_a
0130941557
041
_a
eng
080
_a
618.2
245
1
0
_a
Gerontological nursing:
_c
Patricia A. Tabloski;
942
_2
udc
_c
BK
999
_c
1645
_d
1645